Achieving Success As a 21st Century Manager.

This book is about taking personal control of your management career by planning for your development outside of training sessions or university degree programs. Careers and organizations are changing rapidly so personalizing your own training and competency development is critical. Included in this...

Full description

Bibliographic Details
Main Author: Frost, Dean E.
Format: eBook
Language:English
Published: New York : Business Expert Press, 2021.
Edition:1st ed.
Series:Studien Zum Physik- und Chemielernen Series
Subjects:
Online Access:Click to View
LEADER 02754nam a22004453i 4500
001 EBC6719257
003 MiAaPQ
005 20231204023218.0
006 m o d |
007 cr cnu||||||||
008 231204s2021 xx o ||||0 eng d
020 |a 9781631573989  |q (electronic bk.) 
020 |z 9781631573972 
035 |a (MiAaPQ)EBC6719257 
035 |a (Au-PeEL)EBL6719257 
035 |a (OCoLC)1267762765 
040 |a MiAaPQ  |b eng  |e rda  |e pn  |c MiAaPQ  |d MiAaPQ 
050 4 |a HD38.15 
082 0 |a 658 
100 1 |a Frost, Dean E. 
245 1 0 |a Achieving Success As a 21st Century Manager. 
250 |a 1st ed. 
264 1 |a New York :  |b Business Expert Press,  |c 2021. 
264 4 |c Ã2021. 
300 |a 1 online resource (214 pages) 
336 |a text  |b txt  |2 rdacontent 
337 |a computer  |b c  |2 rdamedia 
338 |a online resource  |b cr  |2 rdacarrier 
490 1 |a Studien Zum Physik- und Chemielernen Series 
505 0 |a Cover -- Halftitle -- Title -- Copyright -- Dedication -- Description -- Contents -- Chapter 1: Introduction to an Action Learning Approach to Management Development -- Chapter 2: Leadership Differences Competence -- Chapter 3: Situational Recognition Competence -- Chapter 4: Cognitive Competence -- Chapter 5: Virtual Competence -- Chapter 6: Emotional Competence -- Chapter 7: Cross-Cultural Competence -- Chapter 8: Socialization Competence -- Chapter 9: Health Competence -- References -- About the Author -- Index -- Adpage -- Backcover. 
520 |a This book is about taking personal control of your management career by planning for your development outside of training sessions or university degree programs. Careers and organizations are changing rapidly so personalizing your own training and competency development is critical. Included in this book are self-evaluations for cognitive competence, virtual competence, emotional competence, cross-cultural competence, socialization competence, health competence, and competencies in spotting leadership differences and situational recognition. 
588 |a Description based on publisher supplied metadata and other sources. 
590 |a Electronic reproduction. Ann Arbor, Michigan : ProQuest Ebook Central, 2023. Available via World Wide Web. Access may be limited to ProQuest Ebook Central affiliated libraries.  
650 0 |a Management. 
650 0 |a Leadership. 
655 4 |a Electronic books. 
776 0 8 |i Print version:  |a Frost, Dean E.  |t Achieving Success As a 21st Century Manager  |d New York : Business Expert Press,c2021  |z 9781631573972 
797 2 |a ProQuest (Firm) 
830 0 |a Studien Zum Physik- und Chemielernen Series 
856 4 0 |u https://ebookcentral.proquest.com/lib/matrademy/detail.action?docID=6719257  |z Click to View